000 01099nam a2200205Ii 4500
003 JO-AjNU
008 230605s9999||||xx |||||||||||||| ||und||
017 _a1997/7/849
040 _aJO-AjNU
_bara
_erda
_cJO-AjNU
041 _aara
050 1 4 _aGB608.N33 1997
100 3 _aالجمعية العلمية لمكافحة التصحر وتنمية البادية؛ تحرير وتدقيق محمد حرب... وآخرون,
_eauthor
_956347
245 0 0 _aنحو مكافحة التصحر وتنمية البادية: اليوم العلمي الأول للجمعية الأردنية لمكافحة التصحر وتنمية البادية بالتعاون مع نقابة المهندسين الزراعيين5/9/1995
264 3 1 _aعمان: الجمعية الاردنية لمكافحة التصحر وتنمية البادية/ 1997
300 _a124ص
_bيشتمل على جداول وخرائط توضيحية
336 _atext
_btxt
_2rdacontent
337 _aunmediated
_bn
_2rdamedia
338 _avolume
_bnc
_2rdacarrier
650 4 _aالبيئة الصحراوية -الاردن
_956348
999 _aA25186
_c28754
_d28754